A textbook of physical chemistry / (Record no. 156295)

MARC details
000 -LEADER
fixed length control field 00813nam a22002297a 4500
005 - DATE AND TIME OF LATEST TRANSACTION
control field 20180827104504.0
010 ## - LCCN (DPL NO)
LC control number ENG-123764-65
020 ## - INTERNATIONAL STANDARD BOOK NUMBER
International Standard Book Number 9780230332751 (Vol.1)
Terms of availability 325.00
020 ## - INTERNATIONAL STANDARD BOOK NUMBER
International Standard Book Number 9780230332677 (Vol.2)
Terms of availability 345.00
035 ## - SYSTEM CONTROL NUMBER
System control number EN-107296-97
037 ## - SOURCE OF ACQUISITION
Source of stock number/acquisition DBAD/PUB
082 ## - DEWEY DECIMAL CLASSIFICATION NUMBER
Classification number 541
100 ## - MAIN ENTRY--PERSONAL NAME
Personal name Kapoor, K.L.
245 ## - TITLE STATEMENT
Title A textbook of physical chemistry /
Statement of responsibility, etc by K.L. Kapoor
250 ## - EDITION STATEMENT
Edition statement 4th ed.
260 ## - PUBLICATION, DISTRIBUTION, ETC. (IMPRINT)
Place of publication, distribution, etc Gurgaon (Haryana)
Name of publisher, distributor, etc Macmillan Publishers
Date of publication, distribution, etc 2012
270 ## - ADDRESS
Address 3A, 5th Floor, DLF Corporate Park,
City Gurgaon (Haryana)
Postal code 122002
300 ## - PHYSICAL DESCRIPTION
Extent 2 vol.(508p.; 470p.)
Dimensions 26cm(pbk)
500 ## - GENERAL NOTE
General note It includes index
505 ## - FORMATTED CONTENTS NOTE
Formatted contents note Vol.1 - states of matter and ions in solution (SI units)<br/>Vol-2 - Thermodynamics and chemical equilibrium (Sl units)
942 ## - ADDED ENTRY ELEMENTS (KOHA)
Source of classification or shelving scheme Dewey Decimal Classification
Item type English Books
Classification part 541
Call number suffix KAP
Holdings
Withdrawn status Lost status Materials specified (bound volume or other part) Not for loan Collection code Home library Current library Date acquired Source of acquisition Cost, normal purchase price Full call number Barcode Copy number Cost, replacement price Koha item type
    Vol.1 Not For Loan Non-fiction D.B.Act.Division Bawana 27/08/2018 DBAD/PUB 325.00 541 KAP EN-107296 1 325.00 English Books
    Vol.2 Not For Loan Non-fiction D.B.Act.Division D.B.Act.Division 27/08/2018 DBAD/PUB 345.00 541 KAP EN-107297 1 345.00 English Books

© Delhi Public Library
Hit Counter
free hit counter